Library Banner

اقبال اور احمدیت (Record no. 67844)

MARC details
000 -LEADER
fixed length control field 00387nam a22001457a 4500
005 - DATE AND TIME OF LATEST TRANSACTION
control field 20150313163310.0
008 - FIXED-LENGTH DATA ELEMENTS--GENERAL INFORMATION
fixed length control field 150313b xxu||||| |||| 00| 0 eng d
040 ## - CATALOGING SOURCE
Transcribing agency PK-LaUMT
082 ## - DEWEY DECIMAL CLASSIFICATION NUMBER
Classification number KHC 297.86
Item number IQB-
245 ## - TITLE STATEMENT
Title اقبال اور احمدیت
260 ## - PUBLICATION, DISTRIBUTION, ETC. (IMPRINT)
Place of publication, distribution, etc لاہور
Name of publisher, distributor, etc آئینہ ادب
Date of publication, distribution, etc 1984
300 ## - PHYSICAL DESCRIPTION
Extent 127 ص
700 ## - ADDED ENTRY--PERSONAL NAME
Personal name بشیراحمد ڈار(مرتبھ
942 ## - ADDED ENTRY ELEMENTS (KOHA)
Koha item type Books
Holdings
Withdrawn status Lost status Damaged status Home library Current library Date acquired Full call number Barcode Date last seen Price effective from Koha item type
      UMT Main Campus UMT Main Campus 2015-03-13 KHC 297.86 IQB- 71135 2015-03-13 2015-03-13 Books